| 000 | 00490cam a2200181 i 4500 | ||
|---|---|---|---|
| 005 | 20251204115348.0 | ||
| 008 | 250721s1998 jo gr 000 0 ara d | ||
| 082 | 1 | 4 |
_a214.2 _bم ا ج |
| 100 | 1 |
_aدودين، ماجد _eمؤلف. |
|
| 245 | 1 | 0 | _aرحلة إلى الجنة / |
| 250 | _aالطبعة الاولى. | ||
| 264 | 3 | 1 |
_aعمان : _c1998. |
| 300 | _a110صفحة. | ||
| 650 | 1 | 7 | _aاليوم الآخر. |
| 650 | 1 | 7 | _aالجنة. |
| 942 |
_2ddc _cBK |
||
| 999 |
_c725 _d725 |
||